000 00563nam a2200145Ia 4500
008 170221s9999 xx 000 0 und d
100 _aYurii B. Mindlin
245 4 _aThe Formation of Cluster Systems of Education in the Russian Federation
245 _cYurii B. Mindlin, Marina V. Melnichuk, Yulia S. Lisichkina, Natalia B. Golovanova, Svetlana F. Litvinova
260 _bInternational Review of Management and Marketing
260 _cMay 2012
300 _a1:1
650 _xMarketing.
856 _uhttp://www.econjournals.com/index.php/irmm/issue/view/86
999 _c310430
_d310430